Statistics for ''Legends Never Die'' Album Quiz

Click here to take the quiz!

General Stats

  • This quiz has been taken 6 times
  • The average score is 18 of 22

Answer Stats

Song% Correct
Blood On My Jeans
100%
Come & Go
100%
Conversations
100%
Hate The Other Side
100%
Juice Wrld Speaks From Heaven-Outro
100%
Stay High
100%
Wishing Well
100%
Anxiety-Intro
80%
Bad Energy
80%
Can't Die
80%
Fighting Demons
80%
Man Of The Year
80%
Righteous
80%
Smile
80%
Tell Me U Luv Me
80%
The Man, The Myth, The Legend-Interlude
80%
Titanic
80%
Up Up And Away
80%
Get Through It-Interlude
60%
I Want It
60%
Life's A Mess
60%
Screw Juice
60%

Score Distribution

Percentile by Number Answered

Percent of People with Each Score

Your Score History

You have not taken this quiz